| 000 | 00659nam a2200229Ia 4500 | ||
|---|---|---|---|
| 003 | OSt | ||
| 005 | 20220926005251.0 | ||
| 006 | a|||||r|||| 00| 0 | ||
| 007 | ta | ||
| 008 | 220923b |||||||| |||| 00| 0 eng d | ||
| 037 | _cGeneral Book | ||
| 040 |
_aRTL _cRTL _beng |
||
| 041 |
_2eng _aeng |
||
| 082 | _aDelta 2:8692, L7 | ||
| 100 |
_aBijalwan C D _925364 |
||
| 245 | 0 | _aHindu omens | |
| 260 |
_a New Delhi _bSanskriti India _c1977 |
||
| 300 |
_a176p. Bibliography P 175-76 _ccm. |
||
| 650 |
_aSpiritual Experience and Mysticism _9235713 |
||
| 942 |
_hDelta 2:8692, L7 _cGB _2CC |
||
| 999 |
_c613368 _d613368 |
||